| 000 | 00780nam a22002177a 4500 | ||
|---|---|---|---|
| 005 | 20240214164553.0 | ||
| 010 | _aENG-139233 | ||
| 020 |
_c499.00 _a9789356064317 |
||
| 035 | _aEN-122765 | ||
| 037 | _bDBAD/PUB | ||
| 082 |
_a625.45 _215 |
||
| 100 |
_aBovee, Courtland L _962074 |
||
| 245 |
_aBusiness Communication Today/ _cBy Courtland L Bovee; John V Thill and Roshan Lal Raina |
||
| 250 | _a15 | ||
| 260 |
_aUttar Pradesh _bPearson India Education Pvt Ltd _c2022 |
||
| 270 |
_bUttar Pradesh _a15th FLoor, Tower-B, World Trade Tower, Plot No.1, Block- C, Sector-16, Noida _e201301 |
||
| 300 |
_axlv,709p. _c25cm(pb) _bIndex |
||
| 700 |
_aThill, John V _eAuthor _962075 |
||
| 700 |
_aRaina, Roshan Lal _eAuthor _962076 |
||
| 942 |
_2ddc _cEN _h658.45 _mBOV _e15 |
||
| 999 |
_c200740 _d200740 |
||